| 000 | 00895nam a2200217Ia 4500 | ||
|---|---|---|---|
| 001 | 11281 | ||
| 003 | GE_BSU | ||
| 008 | 181216s||||||||xx |||||||||||||| ||und|| | ||
| 040 | _cGE_BSU | ||
| 080 | _a581.8(076.5) | ||
| 100 | _aცხაკაია ქ. მირიანაშვილი ე. | ||
| 245 | _aმცენარეთა ანატომია პრაქტიკული კურსი | ||
| 245 | _cრედ: ქ. ცხაკაია მხატვრ. ნ. კანდელაკი | ||
| 260 | _aთბილისი. | ||
| 260 | _bთბილისის სახ. უნ–ტის გამ–ბა. | ||
| 260 | _c1957 | ||
| 300 | _a481გვ.23სმ. | ||
| 300 | _eილ. საძიებელი გვ. 465-474 | ||
| 653 | _aმცენარეთა ანატომია პრაქტიკული კურსი | ||
| 942 | _cBK | ||
| 999 |
_c44483 _d44483 |
||